Prispôsobte marketing zákazníkovi

Ťažisko marketingovej kampane sa presúva od masových médií ku komunite, medzi ľudí a jednotlivcov. Klasické marketingové médiá sú len dobrým doplnkom marketingových aktivít. Implementácia a zapojenie sa do víru sociálnych sietí. Najlepšie miesto na osobnú komunikáciu.

Salvato in:
Dettagli Bibliografici
Autore principale: Haruštiaková, Zuzana
Natura: Capitolo di libro
Lingua:slovacco
Soggetti:
Tags: Aggiungi Tag
Nessun Tag, puoi essere il primo ad aggiungerne!!

MARC

LEADER 00000naa a2200000 4500
001 0157842
005 20230912101553.1
041 0 |a slo 
044 |a SK 
245 1 0 |a Prispôsobte marketing zákazníkovi  |c Zuzana Haruštiaková 
520 |a Ťažisko marketingovej kampane sa presúva od masových médií ku komunite, medzi ľudí a jednotlivcov. Klasické marketingové médiá sú len dobrým doplnkom marketingových aktivít. Implementácia a zapojenie sa do víru sociálnych sietí. Najlepšie miesto na osobnú komunikáciu. 
610 2 0 |a marketing 
610 2 0 |a marketing sieťový 
610 2 0 |a komunikácia marketingová 
610 2 0 |a nástroje marketingové 
610 2 0 |a marketing mix 
610 2 0 |a siete sociálne 
100 1 |a Haruštiaková, Zuzana